000
00330nam a2200133Ia 4500
008
191201s2009 xx 000 0 und d
082
_a
005.73
_b
KUD
100
_a
KUMAR, Ajay
245
0
_a
Data structure for C Programming
250
_a
Rep
260
_c
2009
_b
Laxmi Publications
_a
NEW DELHI
300
_a
290
942
_2
ddc
_c
BK
_0
3
999
_c
7801
_d
7801